Statistics for Position of Asian Countries on Map - Chain Game #2

Click here to take the quiz!

General Stats

  • This quiz has been taken 136 times
  • The average score is 14 of 15

Answers on the Map

Answers color-coded by a green-red scale on the quiz's map according to % correct below.
 

Answer Stats

Country% Correct
Iran
100%
Mongolia
100%
China
99%
Oman
99%
Sri Lanka
99%
Tajikistan
96%
Uzbekistan
96%
Japan
93%
North Korea
93%
Malaysia
92%
Nepal
92%
Turkey
91%
Vietnam
90%
Saudi Arabia
89%
Azerbaijan
87%

Score Distribution

Percentile by Number Answered

Percent of People with Each Score

Your Score History

You have not taken this quiz